000 01920nam a22002897a 4500
008 250528b |||||||| |||| 00| 0 eng d
020 _a9780241636862
040 _ctbs
041 _aeng
100 _aRai, Bali
_925361
_eauthor
245 _a(Un)arranged marriage
_c/ Bali Rai ; retold by Prakash Parmar ; illustrated by Alisha Monnin.
260 _aLondon :
_bPenguin Books,
_c2024.
300 _a96 pages :
_billustrations ;
_c20 cm.
490 _aPenguin readers
505 _a(Un)arranged Marriage, a Level 5 Reader, is B1 in the CEFR framework. The text is made up of sentences with up to four clauses, introducing present perfect continuous, past perfect, reported speech and second conditional. It is well supported by illustrations, which appear regularly. The eight levels of Penguin Readers follow the Common European Framework of Reference for language learning (CEFR). Exercises at the back of each Reader help language learners to practise grammar, vocabulary, and key exam skills. Before, during and after-reading questions test readers' story comprehension and develop vocabulary.
520 _aManny lives in England with his strict Punjabi parents who are very traditional and want him to have an arranged marriage. There's just one problem: Manny definitely doesn't want an arranged marriage. With the help of his best friend, Ade, Manny makes a plan...
650 0 _aArranged marriage
_zEngland
_vFiction
_925362
650 0 _aEast Indians
_zEngland
_xFiction
_925363
650 0 _aPunjabis (South Asian people)
_vFiction
_925364
650 0 _aEnglish language
_xStudy and teaching
_xForeign speakers
_911690
650 0 _aEnglish language
_vTextbooks for foreign speakers
_96478
650 0 _aEnglish language
_xSelf-instruction
_925365
655 0 _aReaders (Publications)
_925108
655 0 _aReaders (Adult)
_922484
655 0 _aHigh interest-low vocabulary books
_922485
942 _2lcc
999 _c4706
_d4706